000 00624nam a22002297a 4500
001 00028916
005 20260425112736.0
008 260425b ag ||||| |||| 00| 0 spa d
020 _a8441307490
040 _aAR-CcCEOS
_bspa
_cAR-CcCEOS
041 _aspa
080 _a575
090 _bREA v.1
100 1 _aReader, John
_91136
245 _aEl origen de la vida :
_bLos primero 3.500 millones de aƱos /
_cJohn Raeder
264 _aBarcelona :
_bFolio,
_c1997.
300 _a95 p. ;
_c24x18 cm.
490 _vAtlas culturales del mundo
650 0 _ahistoria
_990
655 0 _aarte
_9138
942 _2udc
_cBK
_n0
999 _c28968
_d28968